| 000 | 00859nam a2200289 a 4500 | ||
|---|---|---|---|
| 001 | 57835 | ||
| 003 | CO-BoRNBP | ||
| 005 | 20250731153504.0 | ||
| 007 | ta | ||
| 008 | 870612r19991984bl a jr 00011 spa d | ||
| 020 | _a9684940149 | ||
| 040 |
_ala _cla |
||
| 041 | 0 | _aspa | |
| 082 | 0 | 4 |
_aI808.81 _bC83a |
| 245 | 0 | 0 |
_aCuentos de animales fantásticos para niños / _cPatricia Van Rhijn ; edición Rosanela Alvarez. |
| 250 | _a1a. edición | ||
| 300 |
_a106 p. : _bil. ; _c21 cm. |
||
| 336 |
_2rdacontent _atexto _btxt |
||
| 337 |
_2rdamedia _asin mediación _bn |
||
| 338 |
_2rdacarrier _avolumen _bnc |
||
| 650 | 7 |
_aCuentos infantiles _v Colecciones. _2BLAAUTO _92044 |
|
| 650 | 7 |
_aLeyendas de animales. _2BLAAUTO _961766 |
|
| 700 | 1 |
_aVan Rhijn, Patricia. _961767 |
|
| 700 | 1 |
_aAlvarez, Rosanela, _eed. _938160 |
|
| 942 |
_2ddc _cBK |
||
| 949 |
_an _bn |
||
| 999 |
_c57835 _d57835 |
||